000 00317nas a2200121Ia 4500
008 150201s2012 xx 000 0 und d
245 _aMedical clinics of North America (MCNA)
260 _c2012
310 _aBio-Monthly
500 _aINTERNATIONAL
650 _aOther Clinical & Non Clinical Books
942 _2ddc
_cLJ
999 _c6215
_d6215